Disney Shows 2000s-2010 Quiz Stats

 Plays Quiz not verified by Sporcle

Challenge
Share
Tweet
Embed
Score 0/20 Timer 05:00
0 Plays Today
Characters Show % Correct
Phineas, Ferb, Candace, BufordPhineas and Ferb
97.7%
Raven, Eddie, Chelsea, CoryThats so Raven
96.1%
Miley, Jackson, Rico, Oliver, Jake RyanHannah Montana
94.6%
Zack, Cody, MaddySuite Life of Zack and Cody
89.9%
Zack, Cody, Bailey, Woody, LondonSuite life on deck
89.1%
Kim, Ron, Rufus, ShegoKim Possible
88.4%
Alex, Justin, Max, HarperWizards of Waverly Place
84.5%
Pooh, Pigglet, Tigger, OwlWinnie The Pooh
83.7%
Charlie, Teddy, PJ, GabeGood Luck Charlie
83.7%
Lizzie, Miranda, DavidLizzie McGuire
82.2%
Characters Show % Correct
The Jonas BrothersJonas
81.4%
Tawny, Nico, Grady, SONNYSonny With a Chance
79.8%
Chyna, Olive, Fletcher, GibsonAnt Farm
75.2%
Jessie, Robbie, Zuri, LukeJessie
74.4%
Phil, Pim, KeelyPhil of the Future
67.4%
Cory, Newt, MeenaCory in the House
66.7%
Cece, Rocky, FlynnShake it Up
65.1%
Tawny, Nico, Grady, NOT SonnySo Random
54.3%
Louis, Ren, Tawny, DonnieEven Stevens
51.2%
Derek, Casey, EdwinLife With Derek
43.4%

You're not logged in!

Compare scores with friends on all Sporcle quizzes.
Join for Free
OR
Log In

You Might Also Like...

Show Comments

Extras

Created Feb 19, 2012ReportNominate
Tags:Disney Quiz, Show Quiz, character

Top Quizzes Today


Score Distribution

Your Account Isn't Verified!

In order to create a playlist on Sporcle, you need to verify the email address you used during registration. Go to your Sporcle Settings to finish the process.

Report this User

Report this user for behavior that violates our Community Guidelines.

Details: